| 000 | 00543nam a22001817a 4500 | ||
|---|---|---|---|
| 003 | CEME | ||
| 005 | 20210628205234.0 | ||
| 008 | 210222b xxu||||| |||| 00| 0 eng d | ||
| 020 | _a0-471-16157-8 | ||
| 040 | _c. | ||
| 082 | _a327.120904 VOL'E | ||
| 100 |
_aVolkman, Ernest _974527 |
||
| 245 | _aEspionage the greatest spy operations of the twenteith century | ||
| 260 |
_aNEWYORK _bJOHN WILEY _c1995 |
||
| 300 | _aXXIV,264P | ||
| 650 |
_aINTELLIGENCE SERVICE HISTORY 20TH CENTURY ESPIONAGT HISTORY 20TH CENTURY _974528 |
||
| 942 |
_cBK _2ddc |
||
| 999 |
_c580046 _d580046 |
||